| 000 | 00943caa a22001932a 4500 | ||
|---|---|---|---|
| 001 | 007367 | ||
| 003 | AR-FADEU | ||
| 008 | 311216n########xxu####################dd | ||
| 092 |
_a321.8 _bL734 |
||
| 100 | _aDi Tella, Torcuato S. | ||
| 245 | _aLa democracia : serĂ¡ posible? | ||
| 300 | _aT. 1, pp. 187-202 | ||
| 500 | _aEn: Los limites de la democracia /ed. Gino Germani. Buenos Aires : Centro Latinoamericano de Ciencias Sociales, 1985 | ||
| 942 | _cBDGR | ||
| 773 | 0 |
_013169 _911902 _a _b _dBuenos Aires _o4515 _tLos LIMITES de la democracia _w( AR-FADEU) 007355 _x _z950-9231-13-6 |
|
| 773 | 0 |
_013169 _911903 _a _b _dBuenos Aires _o4516 _tLos LIMITES de la democracia _w( AR-FADEU) 007355 _x _z950-9231-13-6 |
|
| 773 | 0 |
_013169 _911904 _a _b _dBuenos Aires _o5166 _tLos LIMITES de la democracia _w( AR-FADEU) 007355 _x _z950-9231-13-6 |
|
| 773 | 0 |
_013169 _911905 _a _b _dBuenos Aires _o5167 _tLos LIMITES de la democracia _w( AR-FADEU) 007355 _x _z950-9231-13-6 |
|
| 999 |
_c13181 _d13181 |
||